000 00768nam a2200253Ia 4500
003 OSt
005 20220918171032.0
006 a|||||r|||| 00| 0
007 ta
008 220917b |||||||| |||| 00| 0 eng d
020 _a9781138092990 (pbk)
_cUKP 31.99
024 _a328,557
037 _b153, 27/02/2018, Better Book Services
_cTextual
040 _aARTS
_cARTS
_beng
041 _2eng
_aeng
082 _aS, Q8
100 _aLarsen Knud S. Au.
_933399
245 0 _aAdaptation and well-being
_b meeting the challenges of life
260 _aLondon
_bRoutledge UK
_c2018
300 _axi,256p.
_ccm.
650 _aPSYCHOLOGY
942 _hS, Q8
_cTEXL
_2CC
999 _c137447
_d137447